Criminal laws and social justice / (Record no. 88309)

MARC details
000 -LEADER
fixed length control field 00600nam a22001937a 4500
005 - DATE AND TIME OF LATEST TRANSACTION
control field 20140905115816.0
010 ## - LCCN (DPL NO)
LC control number ENG-110748
020 ## - INTERNATIONAL STANDARD BOOK NUMBER
International Standard Book Number 9788183875677
Terms of availability 750.00
035 ## - SYSTEM CONTROL NUMBER
System control number EN-94280
037 ## - SOURCE OF ACQUISITION
Source of stock number/acquisition DBAD/PUB
082 ## - DEWEY DECIMAL CLASSIFICATION NUMBER
Classification number 345.54
100 ## - MAIN ENTRY--PERSONAL NAME
Personal name Subhash Chandra Singh
245 ## - TITLE STATEMENT
Title Criminal laws and social justice /
Statement of responsibility, etc by Subhash Chandra Singh
260 ## - PUBLICATION, DISTRIBUTION, ETC. (IMPRINT)
Place of publication, distribution, etc New Delhi
Name of publisher, distributor, etc Serials Publications
Date of publication, distribution, etc 2012
270 ## - ADDRESS
Address 4830/24, Prahlad Street, Ansari Road, Darya Ganj
City New Delhi
Postal code 110002
300 ## - PHYSICAL DESCRIPTION
Extent ix,197p.
Dimensions 24cm(Hb)
500 ## - GENERAL NOTE
General note Includes index
942 ## - ADDED ENTRY ELEMENTS (KOHA)
Source of classification or shelving scheme Dewey Decimal Classification
Item type English Books
Classification part 345.54
Call number suffix SUB
Holdings
Withdrawn status Lost status Not for loan Collection code Home library Current library Date acquired Source of acquisition Cost, normal purchase price Full call number Barcode Copy number Cost, replacement price Koha item type
    Not For Loan Non-fiction D.B.Act.Division D.B.Act.Division 04/09/2014 DBAD / PUB 750.00 345.54 SUB EN-94280 1 750.00 English Books

© Delhi Public Library
Hit Counter
free hit counter